Will the new way of partnering convince the sceptics to play ball? (Record no. 78773)
[ view plain ]
| 000 -LEADER | |
|---|---|
| fixed length control field | 01164cab a22002055a 4500 |
| 001 - CONTROL NUMBER | |
| control field | L138033 |
| 008 - FIXED-LENGTH DATA ELEMENTS--GENERAL INFORMATION | |
| fixed length control field | 070514e20070510xxk f 000 0 eng d |
| 035 ## - SYSTEM CONTROL NUMBER | |
| System control number | (Sirsi) u138033 |
| 041 0# - LANGUAGE CODE | |
| Language code of text/sound track or separate title | eng |
| 100 1# - MAIN ENTRY--PERSONAL NAME | |
| Personal name | Button, Roger |
| 245 00 - TITLE STATEMENT | |
| Title | Will the new way of partnering convince the sceptics to play ball? |
| 260 ## - PUBLICATION, DISTRIBUTION, ETC. | |
| Date of publication, distribution, etc. | 2007 |
| 490 #0 - SERIES STATEMENT | |
| Series statement | Construction News |
| Volume/sequential designation | (7017) 10 May 2007, 13(1) |
| 520 ## - SUMMARY, ETC. | |
| Summary, etc. | Highlights the advantages of the JCT Constructing Excellence (CE) Contract (2006 edition), when compared to other partnering contract such as the NEC forms. In particular, notes that the CE contract has one form for all project participants, contains a new method of pricing and allocating risk, and that adversial behaviour is likely to be penalised if a dispute arises. Concludes that those in favour of collaborative working and who put the time and effort in will reap the benefits of the CE contract. |
| 590 ## - LOCAL NOTE (RLIN) | |
| Local note | KA |
| 650 24 - SUBJECT ADDED ENTRY--TOPICAL TERM | |
| Topical term or geographic name entry element | JCT CONSTRUCTING EXCELLENCE CONTRACT (2006 EDITION) |
| 651 #4 - SUBJECT ADDED ENTRY--GEOGRAPHIC NAME | |
| Geographic name | United Kingdom |
| Chronological subdivision | |
| 690 ## - LOCAL SUBJECT ADDED ENTRY--TOPICAL TERM (OCLC, RLIN) | |
| Topical term or geographic name as entry element | BUILT ENVIRONMENT-BUILDING CONTRACT FORMS-STANDARD FORMS OF BUILDING CONTRACT-JOINT CONTRACTS TRIBUNAL CONTRACTS |
| 942 ## - ADDED ENTRY ELEMENTS (KOHA) | |
| Suppress in OPAC | 0 |
| Withdrawn status | Lost status | Source of classification or shelving scheme | Damaged status | Not for loan | Home library | Current library | Shelving location | Date acquired | Total Checkouts | Full call number | Barcode | Date last seen | Copy number | Price effective from | Koha item type |
|---|---|---|---|---|---|---|---|---|---|---|---|---|---|---|---|
| Dewey Decimal Classification | London | London | Journal article | 14/05/2007 | L138033 | 138033-1001 | 06/08/2019 | 1 | 06/08/2019 | Journal article |